00356nam a22001337a 4500003000400000005001700004008004100021020001800062040000800080100002700088245004800115250001700163260004200180OSt20160727085543.0160727b xxu||||| |||| 00| 0 eng d a9780393930566 cN/A aWayne Franklin [at al] aThe Norton Anthology of American literature a7th ed vol 1 aNewYork bW.W. Norton & Companyc2000